Lanean...
Last lecture /
| Egile nagusia: | |
|---|---|
| Beste egile batzuk: | |
| Formatua: | Printed Book |
| Hizkuntza: | English |
| Argitaratua: |
London :
Hodder & Stoughton,
2008.
|
| Gaiak: |
| LEADER | 00535nam a2200169Ia 4500 | ||
|---|---|---|---|
| 008 | 150624b xxu||||| |||| 00| s eng d | ||
| 020 | |a 9780340977736 | ||
| 082 | |a 825 | ||
| 100 | |a Pausch, Randy | ||
| 245 | |a Last lecture / |c Randy Pausch | ||
| 260 | |a London : |b Hodder & Stoughton, |c 2008. | ||
| 300 | |a 206 p. | ||
| 650 | |v Speeches | ||
| 700 | |a Zaslow, Jeffrey | ||
| 942 | |c BK | ||
| 999 | |c 57854 |d 57854 | ||
| 952 | |0 0 |1 0 |4 0 |6 825_000000000000000_PAU_L |7 0 |9 57832 |a UL |b UL |c ST1 |d 2012-10-27 |l 9 |m 2 |o 825 PAU/L |p 83300 |r 2021-02-20 |s 2021-01-22 |w 2012-10-27 |y BK | ||